[Event "Cappelle op 33rd"]
[Site "Cappelle la Grande"]
[Date "2017.02.20"]
[Round "4"]
[White "Aveline, Philippe"]
[Black "Le Pape, Valery"]
[Result "1-0"]
[WhiteElo "2046"]
[BlackElo "1930"]
[PlyCount "93"]
[EventDate "2017.02.18"]
[EventType "swiss"]
[EventRounds "9"]
[EventCountry "FRA"]
[SourceTitle "CBM 177 Extra"]
[Source "ChessBase"]
[SourceDate "2017.04.27"]
[SourceVersion "1"]
[SourceVersionDate "2017.04.27"]
[SourceQuality "1"]

1. e4 c5 2. c3 d5 3. exd5 Nf6 4. Bb5+ Nbd7 5. c4 a6 6. Bxd7+ Bxd7 7. b3 e6 8. dxe6 Bxe6 9. Bb2 b5 10. cxb5 axb5 11. Nf3 Be7 12. 0-0 0-0 13. Ne5 Qb6 14. d4 Rfd8 15. dxc5 Bxc5 16. Qe2 Bf5 17. Nd2 Nd5 18. Qf3 Bg6 19. Nxg6 hxg6 20. Rfd1 Nb4 21. Ne4 Rxd1+ 22. Qxd1 Rd8 23. Qe2 Bf8 24. g3 Nc6 25. Rc1 Nd4 26. Bxd4 Qxd4 27. h4 Ba3 28. Rc2 Qb6 29. Ng5 Qd6 30. Qf3 f6 31. Nh3 Qd1+ 32. Qxd1 Rxd1+ 33. Kg2 Rc1 34. Rxc1 Bxc1 35. a4 bxa4 36. bxa4 Bd2 37. Kf3 Kf7 38. Nf4 g5 39. hxg5 fxg5 40. Nd5 Ke6 41. Ne3 Bc3 42. Ke4 Be1 43. Nd1 Kf6 44. g4 Ke6 45. f3 Kd6 46. Kf5 Bh4 47. Nc3 1-0

[Event "Cappelle op 30th"]
[Site "Cappelle la Grande"]
[Date "2014.03.03"]
[Round "3"]
[White "Aveline, Philippe"]
[Black "Doluhanova, Evgeniya"]
[Result "0-1"]
[WhiteElo "2100"]
[BlackElo "2331"]
[PlyCount "122"]
[EventDate "2014.03.01"]
[EventType "swiss"]
[EventRounds "9"]
[EventCountry "FRA"]
[SourceTitle "CBM 159 Extra"]
[Source "ChessBase"]
[SourceDate "2014.04.24"]
[SourceVersion "1"]
[SourceVersionDate "2014.04.24"]
[SourceQuality "1"]

1. e4 c5 2. c3 d5 3. exd5 Qxd5 4. d4 Nf6 5. Nf3 e6 6. Be3 cxd4 7. cxd4 Nc6 8. Nc3 Bb4 9. Be2 0-0 10. 0-0 Qd6 11. Qc2 a6 12. Rfd1 Ne7 13. Ne5 Ng6 14. Nxg6 hxg6 15. Ne4 Nxe4 16. Qxe4 Qe7 17. h4 f5 18. Qf4 Bd6 19. Qg5 f4 20. Bd2 Qxg5 21. hxg5 Rf5 22. Rac1 Rxg5 23. Kf1 Bd7 24. Bf3 Rb8 25. Re1 Rb5 26. b3 a5 27. Rc4 Rg5 28. Kg1 Kf7 29. Rc2 a4 30. b4 a3 31. Re4 Rf5 32. Bg4 Rf6 33. Re1 g5 34. d5 Rd8 35. Bc3 e5 36. Bxd7 Rxd7 37. Bxe5 Bxe5 38. Rxe5 Rb6 39. Rxg5 Rxb4 40. g3 Rb2 41. Rc3 Rxa2 42. Rf5+ Kg6 43. Rxf4 Ra1+ 44. Kg2 a2 45. Ra4 b5 46. Ra6+ Kf5 47. Rc2 Rxd5 48. Rcxa2 Rxa2 49. Rxa2 Ke4 50. Ra7 g5 51. f3+ Kd3 52. Rb7 Kc4 53. Kh3 b4 54. Kg4 b3 55. f4 gxf4 56. gxf4 Rb5 57. Rc7+ Kd3 58. Rc1 b2 59. Rb1 Kc2 60. Rxb2+ Rxb2 61. f5 Kd3 0-1

[Event "Hauts de Seine-ch"]
[Site "Issy les Moulineaux"]
[Date "2013.06.16"]
[Round "3"]
[White "Kramo, Sosthene"]
[Black "Aveline, Philippe"]
[Result "0-1"]
[WhiteElo "1962"]
[BlackElo "2101"]
[PlyCount "56"]
[EventDate "2013.06.15"]
[EventType "swiss"]
[EventRounds "5"]
[EventCountry "FRA"]
[SourceTitle "EXT 2015"]
[Source "ChessBase"]
[SourceDate "2014.11.20"]
[SourceVersion "1"]
[SourceVersionDate "2014.11.20"]
[SourceQuality "1"]

1. e4 d5 2. exd5 Nf6 3. c4 c6 4. d4 cxd5 5. Nc3 g6 6. Qb3 dxc4 7. Bxc4 e6 8. Nf3 Bg7 9. Bb5+ Nc6 10. 0-0 0-0 11. Rd1 Nd5 12. Bxc6 bxc6 13. Ne4 Qb6 14. Bd2 Ba6 15. Nc5 Be2 16. Rdc1 Bxf3 17. Qxf3 Qxb2 18. Be3 Rfb8 19. Nd3 Qa3 20. Nc5 Rb2 21. Rc4 Rxa2 22. Rac1 Ra1 23. h4 Rxc1+ 24. Rxc1 Bxd4 25. Nxe6 Bxe3 26. Rxc6 Qa1+ 27. Kh2 Qe5+ 28. Kh1 fxe6 0-1

[Event "Hauts de Seine-ch"]
[Site "Issy les Moulineaux"]
[Date "2013.06.16"]
[Round "5"]
[White "Smith, Matthieu"]
[Black "Aveline, Philippe"]
[Result "1/2-1/2"]
[WhiteElo "2080"]
[BlackElo "2101"]
[PlyCount "38"]
[EventDate "2013.06.15"]
[EventType "swiss"]
[EventRounds "5"]
[EventCountry "FRA"]
[SourceTitle "EXT 2015"]
[Source "ChessBase"]
[SourceDate "2014.11.20"]
[SourceVersion "1"]
[SourceVersionDate "2014.11.20"]
[SourceQuality "1"]

1. Nf3 Nf6 2. g3 g6 3. Bg2 Bg7 4. 0-0 0-0 5. d3 d5 6. c3 c6 7. Qc2 Nbd7 8. Nbd2 e5 9. e4 Qc7 10. b3 b6 11. Bb2 Bb7 12. Rfe1 dxe4 13. dxe4 Rad8 14. Rad1 Rfe8 15. Bf1 Bf8 16. b4 a5 17. bxa5 bxa5 18. Nc4 Bc5 19. h3 Nh5 1/2-1/2

[Event "Syre Memorial op 36th"]
[Site "Issy les Moulineaux"]
[Date "2013.05.10"]
[Round "4"]
[White "Dicanot, David"]
[Black "Aveline, Philippe"]
[Result "0-1"]
[WhiteElo "1880"]
[BlackElo "2084"]
[PlyCount "32"]
[EventDate "2013.05.08"]
[EventType "swiss"]
[EventRounds "7"]
[EventCountry "FRA"]
[SourceTitle "EXT 2015"]
[Source "ChessBase"]
[SourceDate "2014.11.20"]
[SourceVersion "1"]
[SourceVersionDate "2014.11.20"]
[SourceQuality "1"]

1. e4 e6 2. d4 d5 3. Nd2 c5 4. exd5 exd5 5. Ngf3 Nc6 6. Be2 Nf6 7. dxc5 Bxc5 8. Nb3 Bb6 9. 0-0 Ne4 10. c4 Be6 11. Nfd2 Nxf2 12. Qc2 Nb4 13. Qb1 dxc4 14. Nxc4 Bxc4 15. Bxc4 0-0 16. a3 Qh4 0-1

[Event "Syre Memorial op 35th"]
[Site "Issy les Moulineaux"]
[Date "2012.05.19"]
[Round "5"]
[White "Aveline, Philippe"]
[Black "Brault, Julien"]
[Result "1/2-1/2"]
[WhiteElo "2101"]
[BlackElo "1821"]
[PlyCount "32"]
[EventDate "2012.05.17"]
[EventType "swiss"]
[EventRounds "6"]
[EventCountry "FRA"]
[SourceTitle "EXT 2015"]
[Source "ChessBase"]
[SourceDate "2014.11.20"]
[SourceVersion "1"]
[SourceVersionDate "2014.11.20"]
[SourceQuality "1"]

1. e4 e5 2. f4 d5 3. exd5 exf4 4. Nf3 Nf6 5. Be2 Nxd5 6. c4 Nf6 7. d4 Bb4+ 8. Nc3 Ne4 9. Qb3 Nc6 10. 0-0 Nxd4 11. Qxb4 Nxc3 12. bxc3 Nxe2+ 13. Kh1 Nxc1 14. Raxc1 Qe7 15. Rce1 Be6 16. Qxb7 0-0 1/2-1/2

[Event "Syre Memorial op 35th"]
[Site "Issy les Moulineaux"]
[Date "2012.05.18"]
[Round "3"]
[White "Aveline, Philippe"]
[Black "Mimiette, Mickael"]
[Result "1/2-1/2"]
[WhiteElo "2101"]
[BlackElo "1971"]
[PlyCount "52"]
[EventDate "2012.05.17"]
[EventType "swiss"]
[EventRounds "6"]
[EventCountry "FRA"]
[SourceTitle "EXT 2015"]
[Source "ChessBase"]
[SourceDate "2014.11.20"]
[SourceVersion "1"]
[SourceVersionDate "2014.11.20"]
[SourceQuality "1"]

1. e4 c5 2. c3 d5 3. exd5 Qxd5 4. d4 Nf6 5. Nf3 Bg4 6. dxc5 Qxc5 7. h3 Bh5 8. Be3 Qa5 9. Na3 Nbd7 10. Nc4 Qd5 11. Be2 Bxf3 12. gxf3 Qxd1+ 13. Rxd1 g6 14. Na5 Rb8 15. Bb5 a6 16. Ba4 b5 17. Bb3 Rc8 18. a4 Bg7 19. axb5 axb5 20. 0-0 0-0 21. Bc2 Ne5 22. Kg2 b4 23. f4 Ned7 24. Ba4 Nc5 25. Bxc5 Rxc5 26. cxb4 Rf5 1/2-1/2

[Event "Cappelle op 28th"]
[Site "Cappelle la Grande"]
[Date "2012.03.05"]
[Round "4"]
[White "Bokros, Albert"]
[Black "Aveline, Philippe"]
[Result "1-0"]
[WhiteElo "2472"]
[BlackElo "2082"]
[PlyCount "39"]
[EventDate "2012.03.03"]
[EventType "swiss"]
[EventRounds "9"]
[EventCountry "FRA"]
[SourceTitle "CBM 147 Extra"]
[Source "ChessBase"]
[SourceDate "2012.04.24"]
[SourceVersion "1"]
[SourceVersionDate "2012.04.24"]
[SourceQuality "1"]

1. e4 d5 2. exd5 Nf6 3. d4 Nxd5 4. Nf3 g6 5. Be2 Bg7 6. 0-0 0-0 7. h3 Nc6 8. c4 Nb6 9. d5 Ne5 10. Qb3 c6 11. Nc3 cxd5 12. cxd5 e6 13. Nxe5 Bxe5 14. Bh6 Bg7 15. Bxg7 Kxg7 16. Bf3 exd5 17. Bxd5 Nxd5 18. Nxd5 Be6 19. Qc3+ f6 20. Nc7 1-0

[Event "FRA-chT2 1011"]
[Site "France"]
[Date "2010.11.14"]
[Round "3.5"]
[White "Aveline, Philippe"]
[Black "Cavelius, Pierre"]
[Result "0-1"]
[WhiteElo "2149"]
[BlackElo "2044"]
[PlyCount "42"]
[EventDate "2010.10.17"]
[EventType "team-tourn"]
[EventRounds "11"]
[EventCountry "FRA"]
[SourceTitle "EXT 2012"]
[Source "ChessBase"]
[SourceDate "2011.11.24"]
[SourceVersion "1"]
[SourceVersionDate "2011.11.24"]
[SourceQuality "1"]

1. e4 e6 2. d4 d5 3. Nc3 Bb4 4. e5 c5 5. a3 Bxc3+ 6. bxc3 Qc7 7. Nf3 Nc6 8. Be2 Bd7 9. 0-0 Nge7 10. a4 f6 11. exf6 gxf6 12. Ba3 c4 13. Re1 0-0-0 14. a5 Rhg8 15. Qc1 Nf5 16. Qb2 Nxa5 17. Reb1 b6 18. Kh1 Rg6 19. Qa2 Rdg8 20. g3 Rh6 21. Bc1 Nxg3+ 0-1

[Event "FRA-chT2 1011"]
[Site "France"]
[Date "2010.10.17"]
[Round "1.1"]
[White "Deslandes, Pascal"]
[Black "Aveline, Philippe"]
[Result "1-0"]
[WhiteElo "2282"]
[BlackElo "2149"]
[PlyCount "89"]
[EventDate "2010.10.17"]
[EventType "team-tourn"]
[EventRounds "11"]
[EventCountry "FRA"]
[SourceTitle "EXT 2012"]
[Source "ChessBase"]
[SourceDate "2011.11.24"]
[SourceVersion "1"]
[SourceVersionDate "2011.11.24"]
[SourceQuality "1"]

1. e4 d5 2. exd5 Nf6 3. d4 Nxd5 4. Nf3 g6 5. Be2 Bg7 6. 0-0 0-0 7. c4 Nb6 8. Nc3 Nc6 9. d5 Na5 10. c5 Bxc3 11. bxc3 Nxd5 12. Bh6 Nxc3 13. Qc2 Nxe2+ 14. Qxe2 Nc6 15. Rfd1 Qe8 16. Bxf8 Qxf8 17. Ne5 Be6 18. Nxc6 bxc6 19. Rab1 Bd5 20. a3 e6 21. Qe3 a5 22. a4 h5 23. Qc3 Qh6 24. Qf6 Qf8 25. Qc3 Qh6 26. Qe5 Qf8 27. Rdc1 Qh6 28. Qxc7 Qd2 29. Qe5 h4 30. h3 Rf8 31. Qe3 Qxe3 32. fxe3 Be4 33. Rb2 Rd8 34. Rc4 f5 35. Rd4 Rxd4 36. exd4 Kf7 37. Rb7+ Kf6 38. Ra7 e5 39. Rxa5 exd4 40. Ra8 Ke7 41. a5 Kd7 42. Rg8 Kc7 43. a6 d3 44. a7 d2 45. a8Q 1-0

[Event "Syre Memorial op 32nd"]
[Site "Issy les Moulineaux"]
[Date "2009.05.23"]
[Round "4"]
[White "Shirazi, Kamran"]
[Black "Aveline, Philippe"]
[Result "1-0"]
[WhiteElo "2404"]
[BlackElo "2146"]
[PlyCount "83"]
[EventDate "2009.05.21"]
[EventType "swiss"]
[EventRounds "6"]
[EventCountry "FRA"]
[SourceTitle "EXT 2010"]
[Source "ChessBase"]
[SourceDate "2010.11.25"]
[SourceVersion "1"]
[SourceVersionDate "2010.11.25"]
[SourceQuality "1"]

1. e4 d5 2. exd5 Nf6 3. c4 c6 4. d4 cxd5 5. Nc3 g6 6. cxd5 Nxd5 7. Bc4 Nb6 8. Bb3 Bg7 9. Nf3 0-0 10. d5 e5 11. dxe6 Qxd1+ 12. Kxd1 Bxe6 13. Bxe6 fxe6 14. Re1 Nc6 15. Be3 Nc4 16. Kc2 e5 17. Rad1 Rad8 18. Bc5 Rfe8 19. b3 b6 20. Rxd8 Rxd8 21. bxc4 bxc5 22. Nd5 Re8 23. Nd2 Nd4+ 24. Kd3 Rb8 25. Rb1 e4+ 26. Kxe4 Re8+ 27. Kd3 Nc6 28. f4 Rd8 29. a3 Ne7 30. Ke4 Nf5 31. g4 Nd6+ 32. Kd3 h5 33. h3 hxg4 34. hxg4 Re8 35. a4 Bd4 36. a5 g5 37. f5 Kg7 38. Rh1 Rb8 39. Nc7 Kg8 40. Ne6 Bf6 41. Rh6 Ne8 42. Nxc5 1-0

[Event "Syre Memorial op 32nd"]
[Site "Issy les Moulineaux"]
[Date "2009.05.22"]
[Round "3"]
[White "Aveline, Philippe"]
[Black "Assedo, Johaquim"]
[Result "1-0"]
[WhiteElo "2146"]
[BlackElo "1799"]
[PlyCount "39"]
[EventDate "2009.05.21"]
[EventType "swiss"]
[EventRounds "6"]
[EventCountry "FRA"]
[SourceTitle "EXT 2010"]
[Source "ChessBase"]
[SourceDate "2010.11.25"]
[SourceVersion "1"]
[SourceVersionDate "2010.11.25"]
[SourceQuality "1"]

1. e4 e5 2. Nf3 Nc6 3. Bb5 a6 4. Ba4 Nf6 5. 0-0 b5 6. Bb3 Bc5 7. c3 0-0 8. d4 exd4 9. cxd4 Bb6 10. e5 Ne4 11. Qc2 Bb7 12. Qxe4 Nxd4 13. Qg4 Nxf3+ 14. gxf3 Qe7 15. Re1 d5 16. Nc3 Rad8 17. Bg5 Qc5 18. Re2 Rde8 19. Bf6 g6 20. Qf4 1-0

[Event "Syre Memorial op 32nd"]
[Site "Issy les Moulineaux"]
[Date "2009.05.21"]
[Round "1"]
[White "Aveline, Philippe"]
[Black "Gay, Emmanuel"]
[Result "1/2-1/2"]
[WhiteElo "2146"]
[BlackElo "1966"]
[PlyCount "62"]
[EventDate "2009.05.21"]
[EventType "swiss"]
[EventRounds "6"]
[EventCountry "FRA"]
[SourceTitle "EXT 2010"]
[Source "ChessBase"]
[SourceDate "2010.11.25"]
[SourceVersion "1"]
[SourceVersionDate "2010.11.25"]
[SourceQuality "1"]

1. e4 c5 2. c3 Nf6 3. e5 Nd5 4. d4 cxd4 5. Nf3 e6 6. cxd4 d6 7. Nc3 Nxc3 8. bxc3 Qc7 9. Bd2 Nd7 10. Bd3 dxe5 11. 0-0 Bd6 12. Re1 0-0 13. dxe5 Nxe5 14. Nxe5 Bxe5 15. Bxh7+ Kxh7 16. Qh5+ Kg8 17. Rxe5 Rd8 18. Be3 f6 19. Re4 Qf7 20. Qxf7+ Kxf7 21. f4 b6 22. Bd4 Bb7 23. Re3 Rac8 24. a4 Rd5 25. g4 Ra5 26. Kf2 Rc4 27. h4 Rcxa4 28. Rxa4 Rxa4 29. g5 fxg5 30. fxg5 Ra2+ 31. Re2 Rxe2+ 1/2-1/2

[Event "Syre Memorial op 31st"]
[Site "Issy les Moulineaux"]
[Date "2008.05.01"]
[Round "1"]
[White "Aveline, Philippe"]
[Black "Larcheveque, Francois"]
[Result "1-0"]
[WhiteElo "2185"]
[BlackElo "2043"]
[PlyCount "83"]
[EventDate "2008.05.01"]
[EventType "swiss"]
[EventRounds "6"]
[EventCountry "FRA"]
[SourceTitle "EXT 2010"]
[Source "ChessBase"]
[SourceDate "2010.11.25"]
[SourceVersion "1"]
[SourceVersionDate "2010.11.25"]
[SourceQuality "1"]

1. e4 e6 2. d4 d5 3. e5 c5 4. c3 Nc6 5. Nf3 Bd7 6. dxc5 Bxc5 7. Bd3 f6 8. Bf4 Qb6 9. Qe2 g5 10. Nxg5 fxg5 11. Bxg5 Bxf2+ 12. Qxf2 Qxf2+ 13. Kxf2 Nxe5 14. Be2 Nf7 15. Bh5 Kf8 16. Bh4 Nd6 17. Nd2 Nf5 18. Bg5 h6 19. Bf4 Nf6 20. Be5 Ke7 21. Be2 Rhg8 22. h3 Bc6 23. g4 Nd6 24. Bf3 Nf7 25. Bd4 e5 26. Bc5+ Kd7 27. Rad1 b6 28. Be3 Ke6 29. Rhe1 Raf8 30. c4 e4 31. Bg2 Ne5 32. Kg3 h5 33. cxd5+ Bxd5 34. g5 Bxa2 35. Nxe4 Nxe4+ 36. Bxe4 Rd8 37. Ra1 Bd5 38. Bxd5+ Rxd5 39. Rxa7 Rf8 40. Rh7 h4+ 41. Rxh4 Rf3+ 42. Kg2 1-0

[Event "Syre Memorial op 31st"]
[Site "Issy les Moulineaux"]
[Date "2008.05.01"]
[Round "2"]
[White "David, Alberto"]
[Black "Aveline, Philippe"]
[Result "1-0"]
[WhiteElo "2562"]
[BlackElo "2185"]
[PlyCount "46"]
[EventDate "2008.05.01"]
[EventType "swiss"]
[EventRounds "6"]
[EventCountry "FRA"]
[SourceTitle "EXT 2010"]
[Source "ChessBase"]
[SourceDate "2010.11.25"]
[SourceVersion "1"]
[SourceVersionDate "2010.11.25"]
[SourceQuality "1"]

1. e4 d5 2. exd5 Nf6 3. Nf3 Nxd5 4. d4 g6 5. Bc4 Bg7 6. 0-0 0-0 7. Re1 c6 8. h3 Nd7 9. Bb3 e6 10. Bg5 Bf6 11. Bxf6 N5xf6 12. Na3 b5 13. c4 bxc4 14. Nxc4 c5 15. Nd6 c4 16. Nxc4 Nb6 17. Nce5 Nfd5 18. Nd3 Bd7 19. Nc5 Bc6 20. Ne5 Rc8 21. Nxc6 Rxc6 22. Qd2 Qf6 23. Bxd5 Nxd5 1-0

[Event "FRA-chT2 Nord 0708"]
[Site "France"]
[Date "2008.02.10"]
[Round "7.5"]
[White "Aveline, Philippe"]
[Black "Marin, Sebastien"]
[Result "1-0"]
[WhiteElo "2178"]
[BlackElo "2175"]
[PlyCount "37"]
[EventDate "2007.10.21"]
[EventType "team"]
[EventRounds "11"]
[EventCountry "FRA"]
[SourceTitle "EXT 2009"]
[Source "ChessBase"]
[SourceDate "2008.11.26"]
[SourceVersion "1"]
[SourceVersionDate "2008.11.26"]
[SourceQuality "1"]
[WhiteTeam "Issy les Moulineaux"]
[BlackTeam "JEEN"]
[WhiteTeamCountry "FRA"]
[BlackTeamCountry "FRA"]

1. e4 g6 2. d4 Bg7 3. Nc3 c6 4. f4 d5 5. e5 h5 6. Bd3 Qb6 7. Na4 Qa5+ 8. c3 Nh6 9. b4 Qc7 10. Ne2 Bg4 11. h3 Bxe2 12. Qxe2 e6 13. g4 a5 14. b5 cxb5 15. Bxb5+ Nc6 16. Ba3 0-0-0 17. Bc5 Bf8 18. Bb6 Qd7 19. Bxa5 1-0

[Event "FRA-chT2 Nord 0708"]
[Site "France"]
[Date "2008.01.20"]
[Round "6.4"]
[White "Aveline, Philippe"]
[Black "Dessaux, David"]
[Result "1-0"]
[WhiteElo "2178"]
[BlackElo "1948"]
[PlyCount "49"]
[EventDate "2007.10.21"]
[EventType "team"]
[EventRounds "11"]
[EventCountry "FRA"]
[SourceTitle "EXT 2009"]
[Source "ChessBase"]
[SourceDate "2008.11.26"]
[SourceVersion "1"]
[SourceVersionDate "2008.11.26"]
[SourceQuality "1"]
[WhiteTeam "Issy les Moulineaux"]
[BlackTeam "Arras"]
[WhiteTeamCountry "FRA"]
[BlackTeamCountry "FRA"]

1. e4 c5 2. c3 Nf6 3. e5 Nd5 4. Nf3 e6 5. d4 cxd4 6. cxd4 Qc7 7. Bd3 Nb4 8. Be4 d5 9. exd6 Bxd6 10. Nc3 Bd7 11. a3 N4a6 12. 0-0 Bc6 13. Qe2 Bxe4 14. Qxe4 Qd7 15. Re1 0-0 16. Ng5 g6 17. b4 Bxh2+ 18. Kxh2 Qc7+ 19. Bf4 Qxc3 20. b5 e5 21. Bxe5 f6 22. bxa6 Nc6 23. axb7 Rae8 24. Rac1 Qa5 25. Rxc6 1-0

[Event "FRA-chT2 Nord 0708"]
[Site "France"]
[Date "2007.11.25"]
[Round "3.5"]
[White "Bafounta, Denis"]
[Black "Aveline, Philippe"]
[Result "1/2-1/2"]
[WhiteElo "2318"]
[BlackElo "2180"]
[PlyCount "67"]
[EventDate "2007.10.21"]
[EventType "team"]
[EventRounds "11"]
[EventCountry "FRA"]
[SourceTitle "EXT 2009"]
[Source "ChessBase"]
[SourceDate "2008.11.26"]
[SourceVersion "1"]
[SourceVersionDate "2008.11.26"]
[SourceQuality "1"]
[WhiteTeam "Rueil Malmaison"]
[BlackTeam "Issy les Moulineaux"]
[WhiteTeamCountry "FRA"]
[BlackTeamCountry "FRA"]

1. d4 Nf6 2. c4 g6 3. Nc3 Bg7 4. e4 d6 5. f3 0-0 6. Bg5 c5 7. d5 Na6 8. Qd2 Nc7 9. h4 h5 10. Bh6 a6 11. Bxg7 Kxg7 12. Bd3 b5 13. cxb5 axb5 14. Nxb5 Nxb5 15. Bxb5 Qb6 16. Bc4 Ba6 17. Bxa6 Rxa6 18. Ne2 Rb8 19. b3 c4 20. bxc4 Qb2 21. Qxb2 Rxb2 22. Nc1 Nd7 23. 0-0 Rc2 24. Rf2 Rxc4 25. Rb2 Nc5 26. Ne2 Kf6 27. Rd1 Ra3 28. Rdd2 Rca4 29. Nc1 Rc3 30. Rdc2 Rac4 31. Rxc3 Rxc3 32. Ne2 Ra3 33. Rc2 Nd3 34. Rd2 1/2-1/2

[Event "Syre Memorial op 30th"]
[Site "Issy les Moulineaux"]
[Date "2007.05.17"]
[Round "2"]
[White "Aveline, Philippe"]
[Black "Shirazi, Kamran"]
[Result "1-0"]
[WhiteElo "2163"]
[BlackElo "2424"]
[PlyCount "71"]
[EventDate "2007.05.17"]
[EventType "swiss"]
[EventRounds "6"]
[EventCountry "FRA"]
[SourceTitle "EXT 2008"]
[Source "ChessBase"]
[SourceDate "2007.11.25"]
[SourceVersion "1"]
[SourceVersionDate "2007.11.25"]
[SourceQuality "1"]

1. e4 e5 2. f4 Nc6 3. Nf3 f5 4. Bb5 fxe4 5. Bxc6 dxc6 6. Nxe5 Nf6 7. 0-0 Bd6 8. Nc3 Bxe5 9. fxe5 Qd4+ 10. Kh1 Ng4 11. Qe1 Rf8 12. Rxf8+ Kxf8 13. h3 Nf2+ 14. Kh2 Bxh3 15. gxh3 Kg8 16. d3 exd3 17. Qe3 c5 18. Kg2 Rf8 19. Qxd4 cxd4 20. Nb5 dxc2 21. Nxd4 Nd1 22. Nf3 h6 23. b3 Nc3 24. Bd2 Nb1 25. Be3 Rd8 26. Ne1 Na3 27. Rc1 Rd1 28. Kf2 Kf7 29. Ke2 Ke6 30. Rxd1 cxd1Q+ 31. Kxd1 Kxe5 32. Ke2 b6 33. Nd3+ Kf5 34. Kf3 g5 35. Nb4 h5 36. Nc6 1-0

[Event "FRA-chT2A 0506"]
[Site "France"]
[Date "2006.01.14"]
[Round "5.7"]
[White "Le Fournier, Pascal"]
[Black "Aveline, Philippe"]
[Result "1/2-1/2"]
[WhiteElo "2118"]
[BlackElo "2193"]
[PlyCount "64"]
[EventDate "2005.10.27"]
[EventType "team-tourn"]
[EventRounds "11"]
[EventCountry "FRA"]
[SourceTitle "EXT 2006"]
[Source "ChessBase"]
[SourceDate "2005.11.24"]
[SourceVersion "1"]
[SourceVersionDate "2005.11.24"]
[SourceQuality "1"]
[WhiteTeam "Saint Lo"]
[BlackTeam "Issy les Moulineaux"]
[WhiteTeamCountry "FRA"]
[BlackTeamCountry "FRA"]

1. Nf3 Nf6 2. g3 g6 3. Bg2 Bg7 4. 0-0 0-0 5. d3 d6 6. e4 e5 7. Nbd2 Nbd7 8. Nc4 Nb6 9. Ne3 c6 10. a4 a5 11. Bd2 Re8 12. Qe1 Nbd7 13. Nh4 Nc5 14. f4 exf4 15. gxf4 Ng4 16. Nxg4 Bxg4 17. Qg3 Bh5 18. f5 Bxb2 19. fxg6 fxg6 20. Nf5 Be5 21. Nh6+ Kg7 22. Rf7+ Kh8 23. Qe3 Ne6 24. c3 Qh4 25. h3 Qg3 26. Qxg3 Bxg3 27. Rxb7 Nc5 28. Bg5 Rf8 29. Nf7+ Kg8 30. Nh6+ Kh8 31. Nf7+ Kg8 32. Nh6+ Kh8 1/2-1/2

[Event "Issy les Moulineaux tt"]
[Site "Issy les Moulineaux"]
[Date "2005.05.15"]
[Round "7.1"]
[White "Eche, Sylvain"]
[Black "Aveline, Philippe"]
[Result "1/2-1/2"]
[WhiteElo "2169"]
[BlackElo "2213"]
[PlyCount "40"]
[EventDate "2004.11.21"]
[EventType "team"]
[EventRounds "7"]
[EventCountry "FRA"]
[SourceTitle "EXT 2007"]
[Source "ChessBase"]
[SourceDate "2006.11.23"]
[SourceVersion "1"]
[SourceVersionDate "2006.11.23"]
[SourceQuality "1"]

1. e4 d5 2. exd5 Nf6 3. c4 c6 4. d4 cxd5 5. Nc3 g6 6. cxd5 Nxd5 7. Bc4 Nb6 8. Bb3 Bg7 9. Nf3 Nc6 10. Be3 0-0 11. 0-0 Bg4 12. h3 Bxf3 13. Qxf3 Nxd4 14. Qxb7 e5 15. f4 Qc8 16. Qxc8 Raxc8 17. fxe5 Bxe5 18. Bh6 Bg7 19. Bxg7 Kxg7 20. Rfe1 Rfe8 1/2-1/2

[Event "FRA-chT2 0405"]
[Site "France"]
[Date "2005.01.09"]
[Round "6.5"]
[White "Lebrun, Xavier"]
[Black "Aveline, Philippe"]
[Result "0-1"]
[WhiteElo "2180"]
[BlackElo "2229"]
[PlyCount "60"]
[EventDate "2004.10.10"]
[EventType "team"]
[EventRounds "11"]
[EventCountry "FRA"]
[SourceTitle "EXT 2006"]
[Source "ChessBase"]
[SourceDate "2005.11.24"]
[SourceVersion "1"]
[SourceVersionDate "2005.11.24"]
[SourceQuality "1"]
[WhiteTeam "Bagneux"]
[BlackTeam "Issy les Moulineaux"]
[WhiteTeamCountry "FRA"]
[BlackTeamCountry "FRA"]

1. e4 d5 2. exd5 Nf6 3. d4 Nxd5 4. c4 Nb6 5. Nf3 g6 6. Nc3 Bg7 7. c5 Nd5 8. Bc4 c6 9. Qb3 e6 10. Ne4 0-0 11. h4 h5 12. Ne5 Nd7 13. f4 b6 14. g4 bxc5 15. gxh5 cxd4 16. hxg6 Nxe5 17. fxe5 fxg6 18. Qg3 Ne7 19. Nf6+ Bxf6 20. exf6 Rxf6 21. h5 Qa5+ 22. Bd2 Qf5 23. 0-0-0 Qc5 24. b3 Ba6 25. hxg6 Bxc4 26. Rh8+ Kxh8 27. Qh4+ Kg8 28. Qh7+ Kf8 29. g7+ Ke8 30. b4 Bd3+ 0-1

[Event "FRA-chT2 0405"]
[Site "France"]
[Date "2004.12.05"]
[Round "4.4"]
[White "Aveline, Philippe"]
[Black "Daurelle, Herve"]
[Result "0-1"]
[WhiteElo "2213"]
[BlackElo "2223"]
[PlyCount "112"]
[EventDate "2004.10.10"]
[EventType "team"]
[EventRounds "11"]
[EventCountry "FRA"]
[SourceTitle "EXT 2006"]
[Source "ChessBase"]
[SourceDate "2005.11.24"]
[SourceVersion "1"]
[SourceVersionDate "2005.11.24"]
[SourceQuality "1"]
[WhiteTeam "Issy les Moulineaux"]
[BlackTeam "Clichy  II"]
[WhiteTeamCountry "FRA"]
[BlackTeamCountry "FRA"]

1. e4 e5 2. f4 Bc5 3. Nf3 d6 4. c3 Nf6 5. d4 exd4 6. cxd4 Bb6 7. e5 Nd5 8. Nc3 dxe5 9. fxe5 Be6 10. Bb5+ Nc6 11. 0-0 0-0 12. Kh1 Bg4 13. Bxc6 bxc6 14. h3 Bh5 15. Qa4 Ne7 16. g4 Bg6 17. Bg5 f6 18. exf6 gxf6 19. Bh4 Qd6 20. Kg2 Rad8 21. Bg3 Qd7 22. Rad1 Nd5 23. Rfe1 Rfe8 24. Rc1 Ne3+ 25. Kf2 c5 26. Qxd7 Rxd7 27. Na4 cxd4 28. Nxb6 cxb6 29. Rc6 d3 30. Rxe3 d2 31. Nxd2 Rxd2+ 32. Kf3 Rxe3+ 33. Kxe3 Rxb2 34. Rc8+ Kg7 35. Rc7+ Bf7 36. Rxa7 Rxa2 37. Rxa2 Bxa2 38. Kf4 Bb1 39. Be1 Kf7 40. Bc3 Ke6 41. h4 b5 42. Ke3 Bc2 43. Kd4 Bd1 44. g5 f5 45. Bd2 Bh5 46. Bf4 Be2 47. Kc5 Kf7 48. h5 Ke6 49. h6 Kf7 50. Bd2 Kg6 51. Bf4 Kh5 52. Bd2 Bc4 53. Bc1 Bf7 54. Kxb5 Kg4 55. Kc5 f4 56. Kd4 Kg3 0-1